[Event "21st Open"]
[Site "Boeblinger GER"]
[Date "2004.12.29"]
[Round "7"]
[White "Wutz,C"]
[Black "Menacher,M"]
[Result "1/2-1/2"]
[WhiteElo "2191"]
[BlackElo "2341"]

1.d4 Nf6 2.c4 e6 3.Nc3 Bb4 4.Nf3 b6 5.Bg5 Bb7 6.Nd2 h6 7.Bh4 Nc6 8.a3 g5
9.Bg3 Bxc3 10.bxc3 Nh5 11.e4 Nxg3 12.fxg3 Qe7 13.Bd3 e5 14.d5 Na5 15.O-O Ba6
16.Qe2 Qc5+ 17.Kh1 O-O-O 18.Rxf7 Rdf8 19.Rf5 Nb7 20.a4 Qa5 21.Ra3 Qc5 22.Ra1 Qa5
23.Ra3 Qc5 24.Ra1 Qa5  1/2-1/2

[Event "47th It"]
[Site "Reggio Emilia ITA"]
[Date "2004.12.31"]
[Round "3"]
[White "Chatalbashev,B"]
[Black "Delchev,A"]
[Result "0-1"]
[WhiteElo "2554"]
[BlackElo "2601"]

1.d4 Nf6 2.c4 e6 3.Nc3 Bb4 4.Nf3 d5 5.Bg5 dxc4 6.e4 c5 7.Bxc4 cxd4 8.Nxd4 Qa5
9.Bd2 O-O 10.Nc2 Bxc3 11.Bxc3 Qg5 12.Qe2 Qxg2 13.O-O-O Qxe4 14.Rhg1 g6 15.Ne3 e5
16.f4 Be6 17.Bxe6 fxe6 18.fxe5 Nd5 19.Rxd5 exd5 20.e6 Rf3 21.Re1 Nc6 22.e7 Re8
23.Qd2  0-1

[Event "Intl"]
[Site "Hastings ENG"]
[Date "2005.01.06"]
[Round "10"]
[White "Zude,E"]
[Black "Neverov,V"]
[Result "0-1"]
[WhiteElo "2385"]
[BlackElo "2536"]

1.d4 Nf6 2.c4 e6 3.Nc3 Bb4 4.Nf3 b6 5.Bg5 Bb7 6.e3 h6 7.Bh4 Bxc3+ 8.bxc3 d6
9.Nd2 Nbd7 10.f3 Qe7 11.Bd3 e5 12.Qe2 g5 13.Bg3 O-O-O 14.O-O Rde8 15.e4 Nh5
16.a4 a5 17.c5 dxc5 18.d5 Nf4 19.Bxf4 exf4 20.Ba6 Ne5 21.Rab1 Qd6 22.Bxb7+ Kxb7
23.Rb5 Kc8 24.Nb3 Rhg8 25.Rc1 g4 26.Kh1 gxf3 27.gxf3 Rg5 28.Nd4 cxd4 29.cxd4 Qa3
30.Rf1 Qd3 31.Qxd3 Nxd3 32.Rb3 Nb4 33.Rc3 Rh8  0-1

[Event "XXX Open"]
[Site "Seville ESP"]
[Date "2005.01.12"]
[Round "6"]
[White "Rico Galiano,A"]
[Black "Rizouk,A"]
[Result "1/2-1/2"]
[WhiteElo "2266"]
[BlackElo "2465"]

1.Nf3 Nf6 2.c4 e6 3.Nc3 Bb4 4.d4 c5 5.e3 O-O 6.Qc2 cxd4 7.exd4 d5 8.Bg5 dxc4
9.Bxc4 Nbd7 10.O-O Qc7 11.Bd3 b6 12.Rac1 Bb7 13.Qe2 Bxc3 14.bxc3 Ng4 15.Be4 Bxe4
16.Qxe4 Ngf6 17.Qh4 Qc4 18.Rfe1 Qxa2 19.Ne5 Rfc8 20.Nxd7 Nxd7 21.Re3 Nf8
22.Qg4 Rc6 23.h4 Rac8 24.h5 f5 25.Qg3 Qa3 26.Rc2 R6c7 27.Bf4 Rd7 28.Rce2 Re8
29.Re5 Qb3 30.Re1 Rc8 31.R5e3 Qd5 32.Be5 Rf7 33.Qf4 h6 34.Bd6 Rc6 35.Bxf8 Rxf8
36.Re5 Qc4 37.R1e3 Rf6 38.Qf3 Kh7 39.d5 exd5 40.Rxf5 Qb3 41.Kh2 Qc2 42.g4 Rxf5
43.gxf5 Rf6 44.Rd3 Rd6 45.Qg3 d4 46.Qxd6 Qxf2+ 47.Kh1 Qf1+ 48.Kh2 Qe2+  1/2-1/2

[Event "Extraliga CZE 2004-5"]
[Site "Czech Rep CZE"]
[Date "2005.01.15"]
[Round "5"]
[White "Stocek,J"]
[Black "Stohl,I"]
[Result "1/2-1/2"]
[WhiteElo "2586"]
[BlackElo "2554"]

1.d4 Nf6 2.c4 e6 3.Nc3 Bb4 4.Nf3 c5 5.g3 cxd4 6.Nxd4 O-O 7.Bg2 d5 8.O-O dxc4
9.Bg5 Be7 10.Ndb5 Nc6 11.Qxd8 Rxd8 12.Rfd1 Bd7 13.Nd6 Bxd6 14.Rxd6 Be8 15.Rxd8 Nxd8
16.Bxf6 gxf6 17.Ne4 Bc6 18.Nxf6+ Kg7 19.Ne4 b5 20.Nd6 Rb8 21.a4 bxa4 22.Bxc6 Nxc6
23.Rxa4 Rxb2 24.Rxc4 Ne5 25.Re4 Nc6 26.Rc4 Ne5 27.Re4 Nc6  1/2-1/2

[Event "It"]
[Site "Montreal CAN"]
[Date "2005.01.21"]
[Round "9"]
[White "Perelshteyn,E"]
[Black "Antonio,R"]
[Result "1-0"]
[WhiteElo "2505"]
[BlackElo "2539"]

1.d4 Nf6 2.c4 e6 3.Nc3 Bb4 4.Nf3 b6 5.Bg5 Bb7 6.Nd2 h6 7.Bh4 c5 8.d5 exd5
9.cxd5 O-O 10.Qc2 d6 11.e4 Qe7 12.O-O-O c4 13.f4 Nbd7 14.Re1 Rfc8 15.Kb1 Qf8
16.g4 Nh7 17.Nf3 g6 18.g5 hxg5 19.Nxg5 Qh6 20.Qf2 Qg7 21.Nxh7 Kxh7 22.Bh3 Nc5
23.Bxc8 Bxc8 24.Re3 Nd3 25.Qd2 Bc5 26.f5 Qh6 27.Bg5 Bxe3 28.Qxe3 Qh5 29.Rf1 Kg8
30.Bf6 Bd7 31.Rf3 Qxh2 32.Ne2 Qh1+ 33.Ng1 Qg2 34.Rh3 Qf1+ 35.Kc2 Nb4+ 36.Kd2  1-0

[Event "Zimski Winter Open"]
[Site "Belgrade SCG"]
[Date "2005.01.22"]
[Round "1"]
[White "Savic,S"]
[Black "Popovic,Pr"]
[Result "1-0"]
[WhiteElo "2161"]
[BlackElo "2102"]

1.Nf3 Nf6 2.d4 e6 3.c4 Bb4+ 4.Nc3 Bxc3+ 5.bxc3 O-O 6.Qc2 d6 7.Bg5 Qe7 8.e3 Nbd7
9.Bd3 h6 10.h4 e5 11.Nd2 c6 12.Bf5 d5 13.Bxd7 Bxd7 14.dxe5 Qxe5 15.Bxf6 Qxf6
16.Rd1 Bg4 17.f3 Rfe8 18.Kf2 Bf5 19.Qc1 Qe7 20.Nf1 dxc4 21.Rd4 b5 22.Ng3 Bg6
23.h5 Bh7 24.Rhd1 Rad8 25.Rxd8 Rxd8 26.Rxd8+ Qxd8 27.a3 Bd3 28.e4 Qh4 29.Qe3 Qe7
30.Nf5 Qxa3 31.Qd4 Qf8 32.Qxa7 Kh7 33.g4 b4 34.cxb4 c3 35.Qd4 c2 36.Qc3 f6
37.Ne3 Qd6 38.Nf5  1-0

[Event "ch-Kiev"]
[Site "Kiev UKR"]
[Date "2005.01.28"]
[Round "9"]
[White "Nogin,N"]
[Black "Borsuk,K"]
[Result "0-1"]
[WhiteElo "2364"]
[BlackElo "2152"]

1.Nf3 e6 2.c4 Nf6 3.Nc3 Bb4 4.d4 b6 5.g3 Bb7 6.Bg2 O-O 7.O-O Bxc3 8.bxc3 d6
9.a4 a5 10.Ba3 Nbd7 11.Rb1 Qe7 12.Ne1 Bxg2 13.Kxg2 e5 14.e3 e4 15.f4 exf3+
16.Rxf3 Ne4 17.Qd3 f5 18.Nc2 Rf6 19.c5 dxc5 20.dxc5 Qf7 21.cxb6 cxb6 22.Rd1 Ne5
23.Qd8+ Qe8 24.Qd5+ Kh8 25.Rxf5 Rxf5 26.Qxe4 Rf6 27.Rd5 Nc6 28.Qxe8+ Rxe8
29.Nd4 h6 30.Nf5 Re5 31.Rxe5 Nxe5 32.e4 Nc4 33.Bc1 Re6 34.Kf3 Nd6 35.Nd4 Re8
36.Be3 Nxe4 37.Nb5 Nc5 38.Bxc5 bxc5 39.Nd6 Re1 40.Nb7 Rc1 41.Nxa5 Rxc3+ 42.Ke4 Ra3
43.Kd5 Rxa4 44.Nc4 Ra2  0-1

[Event "Bundesliga 2004-5"]
[Site "Baden Oos GER"]
[Date "2005.01.30"]
[Round "9"]
[White "Willsch,M"]
[Black "Schlosser,P"]
[Result "1/2-1/2"]
[WhiteElo "2250"]
[BlackElo "2570"]

1.d4 Nf6 2.c4 e6 3.Nc3 Bb4 4.Nf3 c5 5.g3 O-O 6.Bg2 cxd4 7.Nxd4 d5 8.cxd5 Nxd5
9.Qb3 Nc6 10.Nxc6 bxc6 11.O-O Qa5 12.Bd2 Bxc3 13.Bxc3 Nxc3 14.bxc3 Ba6 15.Qb4 Qe5
16.Rfe1 Rab8 17.Qa3 Rb6  1/2-1/2

[Event "Bundesliga 2004-5"]
[Site "Hofheim GER"]
[Date "2005.01.30"]
[Round "9"]
[White "Zude,E"]
[Black "Zysk,R"]
[Result "1-0"]
[WhiteElo "2385"]
[BlackElo "2462"]

1.d4 Nf6 2.c4 e6 3.Nc3 Bb4 4.Nf3 b6 5.Bg5 Bb7 6.e3 h6 7.Bh4 g5 8.Bg3 Ne4
9.Nd2 Nxg3 10.hxg3 Bf8 11.Nde4 Bg7 12.g4 d6 13.Be2 Qe7 14.Bf3 Nc6 15.Rc1 O-O
16.Ng3 f5 17.Qa4 Qe8 18.O-O f4 19.Nh5 Na5 20.Qxe8 Rfxe8 21.Bxb7 Nxb7 22.b4 Rf8
23.Ne4 Bh8 24.c5 Rf7 25.Rc2 bxc5 26.bxc5 d5 27.Nd2 Na5 28.exf4 Nc6 29.Nf3 Nxd4
30.Nxd4 Bxd4 31.Re1 Re8 32.Rce2 gxf4 33.Rxe6 Rxe6 34.Rxe6 Bxc5 35.Nf6+ Kg7
36.Nxd5 Bd6 37.Kf1 h5 38.gxh5 Rf5 39.h6+ Kf7 40.h7 Rh5 41.Re4 f3 42.gxf3 Rxh7
43.Ra4 Ke6 44.Ne3 Bc5 45.Ke2 Rh2 46.f4 Bb6 47.Kf3 Rh1 48.Re4+ Kf7 49.Rc4 Rh5
50.Rc2 Ra5 51.Ke4 Ra4+ 52.Kf5 Ra5+ 53.Kg4 Kf6 54.Re2 Bd4 55.Nc4 Rc5 56.Nd2 Ra5
57.Ne4+ Kg6 58.f3 c5 59.Nd6 Ra6 60.Re6+ Kh7 61.f5 c4 62.Nxc4 Rxa2 63.Nd6 Ra6
64.Kg5 Bc5 65.Re7+ Kg8 66.Re8+ Kh7 67.Ne4 Bd4 68.f4 Kg7 69.Re7+ Kf8 70.Rd7 Be3
71.f6 Ke8 72.f7+ Kf8 73.Nf6 Bc5 74.Nh7+  1-0

[Event "5th It"]
[Site "Pulvermuehle GER"]
[Date "2005.02.05"]
[Round "2"]
[White "Mchedlishvili,M"]
[Black "Bindrich,F"]
[Result "1-0"]
[WhiteElo "2515"]
[BlackElo "2326"]

1.d4 Nf6 2.c4 e6 3.Nf3 Bb4+ 4.Nc3 b6 5.Bg5 Bb7 6.Nd2 h6 7.Bh4 c5 8.d5 exd5
9.cxd5 g5 10.Bg3 Bxc3 11.bxc3 Bxd5 12.h4 g4 13.e4 Be6 14.Bd6 Nh5 15.e5 f5
16.g3 Nc6 17.Bg2 Kf7 18.O-O Qg8 19.Kh2 Qg6 20.Qa4 Rac8 21.Rad1 Rhg8 22.Nc4 f4
23.Rfe1 Ng7 24.Nd2 Nh5 25.Be4 Qg7 26.Bd3 Rce8 27.Bb5 Rc8 28.Ne4 Qg6 29.Bd3 Qg7
30.Ba6 Rce8 31.Bb5 Rc8 32.Ba6 Rce8 33.Bb7 Kg6 34.Bxc6 dxc6 35.Qxc6 Kh7 36.Nf6+ Nxf6
37.exf6 Qxf6 38.Bxf4 Qf7 39.Rd6 Rg6 40.Qe4 Kg8 41.Rc6 Rf6 42.Qd3 Rf8 43.Rc7 Qg6
44.Qxg6+ Rxg6 45.Rxa7 Bf7 46.a4 Re6 47.Rxe6 Bxe6 48.Rb7 Bd5 49.Rxb6 Ra8 50.Rb8+ Rxb8
51.Bxb8 Kf7 52.h5 Kf6 53.Bf4 Bf7 54.Bxh6 Bxh5 55.Bf8 Be8 56.a5 Bb5 57.Bxc5 Kf5
58.Kg2 Be2 59.f4 gxf3+ 60.Kf2 Kg4 61.Be3 Bb5 62.Bc1 Be2 63.Bd2 Bb5 64.Be1 Be2
65.Ke3 Kh3 66.a6 Bxa6 67.Kxf3 Bb7+ 68.Kf4 Kg2 69.g4 Kf1 70.Bh4 Ke2 71.Bf6 Kd3
72.Bd4  1-0

[Event "21st Open"]
[Site "Cappelle la Grande FRA"]
[Date "2005.02.13"]
[Round "2"]
[White "Camus,B"]
[Black "Grabinsky,V"]
[Result "0-1"]
[WhiteElo "2086"]
[BlackElo "2315"]

1.d4 Nf6 2.c4 e6 3.Nc3 Bb4 4.Nf3 c5 5.Bd2 cxd4 6.Nxd4 Nc6 7.Nc2 Bc5 8.e3 d5
9.b4 Be7 10.b5 Ne5 11.cxd5 exd5 12.Nd4 O-O 13.Be2 Qd6 14.h3 Bd8 15.Qb3 Re8
16.O-O Bc7 17.Rfd1 Ng6 18.f4 Bb6 19.Bf3 Nxf4 20.exf4 Bxd4+ 21.Kh1 Bf5 22.Rac1 Ng4
23.Ne2 Nf2+ 24.Kh2 Bb6 25.Bb4 Qh6  0-1

[Event "21st Open"]
[Site "Cappelle la Grande FRA"]
[Date "2005.02.13"]
[Round "2"]
[White "Kazhgaleyev,M"]
[Black "Marcelin,C"]
[Result "1-0"]
[WhiteElo "2613"]
[BlackElo "2464"]

1.d4 Nf6 2.c4 e6 3.Nf3 Bb4+ 4.Nc3 c5 5.g3 Ne4 6.Qd3 Qa5 7.Qxe4 Bxc3+ 8.Bd2 Bxd2+
9.Nxd2 d6 10.Bg2 O-O 11.Qe3 cxd4 12.Qxd4 Rd8 13.O-O Nc6 14.Qe3 Qe5 15.Qxe5 Nxe5
16.b3 Rb8 17.Rfd1 Kf8 18.Ne4 Ke7 19.Rd2 f6 20.Rad1 Nf7 21.f4 g6 22.c5 d5
23.Nc3 Bd7 24.e4 dxe4 25.Bxe4 Bc6 26.Kf2 Rxd2+ 27.Rxd2 Bxe4 28.Nxe4 f5 29.Nc3 Rc8
30.b4 a5 31.a3 axb4 32.axb4 b6 33.cxb6 Nd6 34.Rc2 Ne4+ 35.Ke1 Nxc3 36.Rxc3 Rb8
37.Rc6 Kd7 38.b5 Ra8 39.Kd2 Ra5 40.Rc5 Ra8 41.Kc3 Kd6 42.Rc7  1-0

[Event "XI Anibal Open"]
[Site "Linares ESP"]
[Date "2005.02.26"]
[Round "2"]
[White "Taboas Rodriguez,D"]
[Black "Korneev,O"]
[Result "0-1"]
[WhiteElo "2302"]
[BlackElo "2602"]

1.d4 Nf6 2.c4 e6 3.Nc3 Bb4 4.Nf3 O-O 5.Qc2 c5 6.a3 Bxc3+ 7.Qxc3 cxd4 8.Nxd4 d5
9.e3 Qe7 10.cxd5 Nxd5 11.Qb3 Rd8 12.Bc4 Nb6 13.Bb5 e5 14.Nf3 Be6 15.Qc3 N8d7
16.Bxd7 Nxd7 17.Bd2 Rac8 18.Qb4 Nc5 19.O-O Bd5 20.Bc3 Bxf3 21.gxf3 Qg5+ 22.Qg4 Qxg4+
23.fxg4 f6 24.Rfd1 Kf7 25.Rxd8 Rxd8 26.Rc1 Nb3 27.Re1 Ke6 28.Kf1 h5 29.h3 Nc5
30.Kg2 Ne4 31.Bb4 Rc8 32.Re2 b6 33.f3 Nc5 34.Bxc5 bxc5 35.e4 h4 36.b3 Rb8
37.Re3 a5 38.Rc3 Kd6 39.Rd3+ Kc6 40.Rc3 Kb5 41.Kf2 Rd8 42.Ke2 Rd4 43.Rd3 c4
44.Rc3 g5 45.Re3 Rd6 46.Rc3 cxb3 47.Rxb3+ Ka4 48.Rc3 Rb6 49.Rc5 Rb2+ 50.Kf1 Rb5
51.Rc6 Kxa3 52.Rxf6 a4 53.Rf5 Kb4  0-1

[Event "6th Karpov"]
[Site "Poikovsky RUS"]
[Date "2005.02.26"]
[Round "1"]
[White "Bacrot,E"]
[Black "Grischuk,A"]
[Result "1-0"]
[WhiteElo "2715"]
[BlackElo "2710"]

1.d4 Nf6 2.c4 e6 3.Nc3 Bb4 4.Nf3 c5 5.g3 O-O 6.Bg2 cxd4 7.Nxd4 d5 8.cxd5 Nxd5
9.Qb3 Qa5 10.Bd2 Nc6 11.Nxc6 bxc6 12.O-O Bxc3 13.bxc3 Ba6 14.Rfd1 Qc5 15.e4 Bc4
16.Qa4 Nb6 17.Qb4 Qh5 18.Bf4 c5 19.Qb2 e5 20.Be3 Rfc8 21.f3 Qg6 22.a4 a5
23.Bh3 Be6 24.Qxb6 Bxh3 25.Qxg6 fxg6 26.Kf2 Be6 27.Rab1 Rab8 28.Rxb8 Rxb8
29.Bxc5 Kf7 30.Bd6 Rb2+ 31.Ke3 Kf6 32.Bc7 Bc4 33.Rd6+ Ke7 34.Rd2 Rxd2 35.Kxd2 Ke6
36.f4 exf4 37.gxf4 Bb3 38.Bxa5 Bxa4 39.Ke3 Bb5 40.Bb6 Ba6 41.Bd4 Kf7 42.Be5 Bb7
43.Kd4 h6 44.c4 g5 45.fxg5 hxg5 46.Bd6 Ke6 47.e5 Kd7 48.Kc5 Ba6 49.Bf8 g6
50.Kb4 Kc6 51.e6 Bc8 52.e7 Kd7 53.Kc5 Ba6 54.Kd5 g4 55.c5 Bb7+ 56.Ke5 g5
57.Kf5 Bf3 58.Kxg5 Ke8 59.Kf4 Be2 60.Ke5 Kd7 61.c6+  1-0

[Event "TCh-ISL 2004-5"]
[Site "Reykjavik ISL"]
[Date "2005.03.05"]
[Round "7"]
[White "Kjartansson,O"]
[Black "Ahlander,B"]
[Result "0-1"]
[WhiteElo "2059"]
[BlackElo "2398"]

1.d4 Nf6 2.c4 e6 3.Nc3 Bb4 4.Nf3 c5 5.e3 Nc6 6.Bd3 d6 7.O-O Bxc3 8.bxc3 e5
9.Qc2 O-O 10.Bb2 Qe7 11.Ng5 h6 12.Ne4 Ne8 13.Ng3 g6 14.f4 Bd7 15.fxe5 dxe5
16.Ba3 b6 17.dxc5 f5 18.Qb2 bxc5 19.Qb5 Nb4 20.Qb7 Nd6 21.Qf3 e4 22.Nxe4 fxe4
23.Qg3 Qe6 24.cxb4 exd3 25.Rac1 d2 26.Rcd1 Nxc4  0-1

[Event "Third Sat A"]
[Site "Novi Sad SCG"]
[Date "2005.03.21"]
[Round "4"]
[White "Kokeza,M"]
[Black "Lundin,J"]
[Result "0-1"]
[WhiteElo "2292"]
[BlackElo "2274"]

1.d4 Nf6 2.c4 e6 3.Nf3 Bb4+ 4.Nc3 c5 5.g3 d5 6.Bg2 dxc4 7.O-O O-O 8.Bg5 Nc6
9.Bxf6 Qxf6 10.Ne4 Qe7 11.a3 f5 12.Neg5 Ba5 13.Qa4 cxd4 14.Qxc4 Bb6 15.h4 Kh8
16.Ne1 h6 17.Nh3 e5 18.Nd3 f4 19.Kh2 Bg4 20.Rae1 Qd6 21.Rg1 Rae8 22.gxf4 Bxh3
23.Bxh3 e4 24.Ne5 Nxe5 25.fxe5 Qxe5+ 26.Kh1 Rxf2 27.Rg2 Rxg2  0-1

[Event "II Copa ENTEL"]
[Site "Santiago CHI"]
[Date "2005.03.21"]
[Round "12"]
[White "Ricardi,P"]
[Black "Rodriguez,And URU"]
[Result "1/2-1/2"]
[WhiteElo "2547"]
[BlackElo "2536"]

1.d4 e6 2.c4 Nf6 3.Nc3 Bb4 4.Nf3 O-O 5.Bg5 c5 6.dxc5 Na6 7.Nd2 Nxc5 8.e3 d5
9.cxd5 exd5 10.Be2 h6 11.Bxf6 Qxf6 12.Nxd5 Qxb2 13.Nxb4 Qxb4 14.Rb1 Qa3 15.Nc4 Qxa2
16.Ra1 Qb3 17.Qxb3 Nxb3 18.Ra3 Be6 19.Rxb3 Rfc8 20.Rxb7 Bxc4 21.Bxc4 Rxc4
22.Ke2 Rc2+ 23.Kf3 a5 24.Rd1 Rc6 25.Rdd7 Rf6+ 26.Ke2 a4 27.Ra7 Rb8 28.f4 Rb4
29.Kf3 g5 30.g3 h5 31.h3 Kg7 32.Rd5 gxf4 33.gxf4 h4 34.f5 Kh6 35.Ra8 Rfb6
36.Rda5 R6b5 37.Rxb5 Rxb5 38.Kf4 Rb4+ 39.Ke5 Kg7 40.f6+ Kh7 41.e4 Rb5+ 42.Kd6 Kg6
43.e5 Rb6+ 44.Kd5 Rb5+ 45.Kd6 Rb4 46.Ke7 Rb5 47.Rg8+ Kf5 48.Kxf7 Rb7+ 49.Kf8 Kxe5
50.Rg7 Rb8+ 51.Ke7 Rb7+ 52.Kf8 Rb8+ 53.Ke7 Rb7+  1/2-1/2

[Event "Open"]
[Site "Coventry ENG"]
[Date "2005.03.28"]
[Round "8"]
[White "Stocek,J"]
[Black "Sowray,P"]
[Result "1-0"]
[WhiteElo "2586"]
[BlackElo "2342"]

1.d4 Nf6 2.c4 e6 3.Nc3 Bb4 4.Nf3 c5 5.g3 b6 6.Bg2 Bb7 7.d5 exd5 8.Nh4 Ne4
9.O-O Nxc3 10.bxc3 Bxc3 11.Rb1 O-O 12.Nf5 Be5 13.f4 Bf6 14.Nd6 Qc7 15.Nb5 Qd8
16.Nd6 Qc7 17.Nxb7 Qxb7 18.g4 Re8 19.Rb3 Nc6 20.Bxd5 Qc7 21.g5 Be7 22.Rh3 Qd6
23.Qd3 g6 24.Bb2 Nd4 25.e3 Ne6 26.Qc3 f6 27.gxf6 Bf8 28.f7+ Kxf7 29.Rxh7+ Kg8
30.Qh8+  1-0

[Event "ch-FRA Top 16 GpA"]
[Site "Noyon FRA"]
[Date "2005.03.31"]
[Round "4"]
[White "Nguyen Chi Minh"]
[Black "Chuchelov,V"]
[Result "1-0"]
[WhiteElo "2370"]
[BlackElo "2571"]

1.d4 Nf6 2.c4 e6 3.Nc3 Bb4 4.Nf3 b6 5.e3 Bb7 6.Bd3 O-O 7.O-O d5 8.cxd5 exd5
9.a3 Bd6 10.b4 a6 11.Qb3 Qe7 12.b5 axb5 13.Nxb5 Nbd7 14.Bb2 c5 15.Nxd6 Qxd6
16.Bf5 c4 17.Qb4 Qxb4 18.axb4 b5 19.Ne5 Nb6 20.Ra5 Na4 21.Ba3 Nc3 22.Ra1 Nfe4
23.f3 Nd6 24.Bc2 f6 25.Nd7 Rfc8 26.Kf2 Bc6 27.Nc5 Rd8 28.Bc1 Rxa5 29.Rxa5 Ra8
30.Rxa8+ Bxa8 31.Bd2 Na4 32.Nxa4 bxa4 33.Bxa4 Kf7 34.b5 Ke6 35.Bb4 Bb7 36.g4 Ne8
37.b6 Nd6 38.h4 g6 39.h5 gxh5 40.gxh5 Nf5 41.Bc5 h6 42.Bc2 Nd6 43.Kg3 Nf5+
44.Kf4 Nd6 45.Kg3 Nf5+ 46.Kf2 Nd6 47.Bb4 Nc8 48.Bg6 Nxb6 49.Bf8 f5 50.Bxh6 Kf6
51.Bf4 Nd7 52.Be5+ Nxe5 53.dxe5+ Kxe5 54.h6 Kf6 55.Bxf5 c3 56.h7 Kg7 57.Ke2 Bc6
58.f4 Bb5+ 59.Kd1 Ba4+ 60.Kc1 Bb3 61.Bg6 Kh8 62.f5 Ba4 63.f6  1-0

[Event "East Bay CC GM"]
[Site "Berkley USA"]
[Date "2005.04.02"]
[Round "6"]
[White "Atalik,S"]
[Black "Stein,Alex"]
[Result "1-0"]
[WhiteElo "2560"]
[BlackElo "2362"]

1.d4 Nf6 2.c4 e6 3.Nc3 Bb4 4.Nf3 c5 5.g3 O-O 6.Bg2 cxd4 7.Nxd4 d5 8.cxd5 Nxd5
9.Qb3 Nc6 10.Nxc6 bxc6 11.O-O Qa5 12.Bd2 Rb8 13.Nxd5 cxd5 14.a3 Bxd2 15.Qxb8 Bd7
16.Qe5 Qb6 17.Rfd1 f6 18.Qh5 Be8 19.Qh3 Bh6 20.e3 f5 21.Qh4 Qxb2 22.Qe7 Qe5
23.Bxd5  1-0

[Event "Bundesliga 2004-5"]
[Site "Solingen GER"]
[Date "2005.04.10"]
[Round "15"]
[White "Fish,G"]
[Black "Werle,J"]
[Result "1/2-1/2"]
[WhiteElo "2525"]
[BlackElo "2457"]

1.d4 Nf6 2.c4 e6 3.Nc3 Bb4 4.Nf3 b6 5.g3 Bb7 6.Bg2 Bxc3+ 7.bxc3 d6 8.O-O O-O
9.Bf4 Nbd7 10.Re1 Re8 11.Rb1 Qe7 12.Rb2 h6 13.Qb3 e5 14.Bc1 Rab8 15.Qa3 e4
16.Nh4 Qe6 17.d5 Qe5 18.Bh3 Qh5 19.Bxd7 Nxd7 20.Ng2 a5 21.Qa4 Ne5 22.Bf4 Ng4
23.h4 Nf6 24.c5 Nxd5 25.cxd6 cxd6 26.c4 Nxf4 27.Nxf4 Qc5 28.Rb5 Qc7 29.Nd5 Bxd5
30.Rxd5 e3 31.f3 Re6 32.Red1 Rc8 33.R1d4 Re5 34.Rxd6 Re6 35.Qd7 Rxd6 36.Qxc7 Rxc7
37.Rxd6 Rxc4 38.Rxb6 Rc1+ 39.Kg2 Rc2 40.Kf1 Rc1+ 41.Kg2 Rc2 42.Kf1 a4 43.Rb8+ Kh7
44.Re8 Rxa2 45.Rxe3  1/2-1/2

[Event "Bundesliga 2004-5"]
[Site "Tegernsee GER"]
[Date "2005.04.10"]
[Round "15"]
[White "Lorscheid,G"]
[Black "Scholz,C"]
[Result "1/2-1/2"]
[WhiteElo "2284"]
[BlackElo "2396"]

1.d4 Nf6 2.c4 e6 3.Nf3 Bb4+ 4.Nc3 c5 5.g3 cxd4 6.Nxd4 O-O 7.Bg2 d5 8.cxd5 Nxd5
9.Bd2 Bxc3 10.bxc3 Qc7 11.O-O Nc6 12.Nxc6 Qxc6 13.Qb3 Qa6 14.c4 Nb6 15.Qb5 Qxb5
16.cxb5 a6 17.bxa6 Rxa6 18.Rfb1 f6 19.Bf1 Nd7 20.Bb4 Re8 21.Rc1 Ne5 22.Rc7 Rc6
23.Rc1 Rxc1 24.Rxc1 Nc6 25.Bc3 e5 26.Rb1  1/2-1/2

[Event "ch-UKR u20"]
[Site "Lviv UKR"]
[Date "2005.04.19"]
[Round "1"]
[White "Grinev,V"]
[Black "Yaremko,N"]
[Result "1/2-1/2"]
[WhiteElo "2222"]
[BlackElo "2234"]

1.d4 Nf6 2.c4 e6 3.Nc3 Bb4 4.Nf3 c5 5.g3 d5 6.cxd5 Nxd5 7.Bd2 cxd4 8.Nxd5 Bxd2+
9.Qxd2 Qxd5 10.Qxd4 Qxd4 11.Nxd4 Bd7 12.Bg2 Nc6 13.Nxc6 Bxc6 14.Bxc6+ bxc6
15.Rc1 Kd7 16.e3 Rhb8 17.Rc2 Rb4 18.Kd2 Rab8 19.Kc1 R8b5 20.Kb1 Rd5 21.Rhc1 Rd6
22.b3 h5 23.Rc5 g6 24.Ra5 Rb7 25.Kc2 Kc7 26.Ra6 Kb8 27.Rd1 Rxd1 28.Kxd1 Rd7+
29.Kc2 Kb7 30.Ra4 Rd5 31.Rb4+ Kc7 32.Rf4 f5 33.Ra4 Kb6 34.h4 e5 35.e4 Ra5
36.Rxa5 Kxa5 37.exf5 gxf5 38.f3 Kb4 39.g4 fxg4 40.fxg4 hxg4 41.Kd3 g3 42.Ke3 Kc3
43.h5 e4 44.h6 g2 45.Kf2 e3+ 46.Kxg2 e2 47.h7 e1=Q 48.h8=Q+ Kc2 49.Qh7+ Kb2
50.Qxa7 Qb1 51.Qf2+ Ka3  1/2-1/2

[Event "Torch Real Estate Cup"]
[Site "Jinan CHN"]
[Date "2005.04.23"]
[Round "4"]
[White "Zhou Jianchao"]
[Black "Li Shilong"]
[Result "1/2-1/2"]
[WhiteElo "2473"]
[BlackElo "2515"]

1.d4 Nf6 2.c4 e6 3.Nc3 Bb4 4.Nf3 d5 5.cxd5 exd5 6.Bg5 Nbd7 7.e3 c5 8.Bd3 Qa5
9.O-O c4 10.Bf5 O-O 11.Qc2 Re8 12.Bf4 g6 13.Bh3 Nb6 14.Bxc8 Raxc8 15.Be5 Nbd7
16.a4 a6 17.Bxf6 Nxf6 18.Ne5 Bxc3 19.bxc3 Ne4 20.Rfc1 f6 21.Nf3 Rc6 22.Rab1 Rb6
23.Rxb6 Qxb6 24.Nd2 Nxd2 25.Qxd2 Qa5 26.Qc2 Re6 27.g4 Qc7 28.h3 b6 29.Qd1 Qd7
30.Qf3 Kg7 31.Rb1 Qd6 32.Kg2 Kf7 33.Re1 Qc6 34.Qf4 Qd6 35.Qxd6 Rxd6 36.f3 Ke6
37.e4 b5 38.Rb1 bxa4 39.Kf2 a5 40.Ke3 a3 41.Kd2 a2 42.Ra1 a4 43.Rxa2 Ra6
44.Ra3 Ra8 45.h4 Ra7 46.Ke3 h6 47.h5 gxh5 48.gxh5 f5 49.e5 Ra8 50.Kf4 Ra7
51.Ke3 Ra8 52.Kf4  1/2-1/2

[Event "Open"]
[Site "Metz FRA"]
[Date "2005.04.23"]
[Round "8"]
[White "Bauer,Ch"]
[Black "Cheparinov,I"]
[Result "1-0"]
[WhiteElo "2640"]
[BlackElo "2621"]

1.d4 Nf6 2.c4 e6 3.Nc3 Bb4 4.Nf3 O-O 5.Bg5 h6 6.Bh4 c5 7.Rc1 cxd4 8.Nxd4 g5
9.Bg3 Ne4 10.Nb5 f5 11.Bc7 Qe7 12.f3 a6 13.a3 axb5 14.axb4 Na6 15.Be5 d6
16.Bd4 Nxc3 17.Bxc3 bxc4 18.e4 fxe4 19.Bxc4 b5 20.Bb3 Bb7 21.Qd4 Kh7 22.Rd1 Rad8
23.O-O e5 24.Qa7 Rd7 25.fxe4 Bd5 26.Qxa6 Rxf1+ 27.Rxf1 Bxb3 28.Qxb5 Rc7 29.Qb8 Rb7
30.Qc8 Kg7 31.Qf5 Be6 32.Qf3 Qd8 33.Rd1 Qb6+ 34.Qf2 Qc6 35.Qg3 Kg6 36.h3 Rd7
37.Qd3 Qb6+ 38.Kh2 Qf2 39.Rf1 Qb6 40.Rf8 Rg7 41.Ra8 Qf2 42.Ra6 Qf4+ 43.Qg3 Qxe4
44.Rxd6 Kf5 45.Rd3 Kg6 46.Re3 Qf4 47.Rxe5 Qxg3+ 48.Kxg3 Bc8 49.Re8 Bb7 50.Re6+ Kh7
51.b5 Rd7 52.b6 h5 53.Kf2 Rf7+ 54.Kg1 Rd7 55.Be5 h4 56.b4 Rd1+ 57.Kh2 Rd7
58.b5 Rf7 59.Rc6 Rd7 60.Kg1 Rf7 61.Bc3 Ba8 62.Bd2  1-0

[Event "2nd Open"]
[Site "Porto Carras GRE"]
[Date "2005.04.26"]
[Round "7"]
[White "Chatalbashev,B"]
[Black "Postny,E"]
[Result "1/2-1/2"]
[WhiteElo "2499"]
[BlackElo "2556"]

1.d4 Nf6 2.c4 e6 3.Nc3 Bb4 4.Nf3 b6 5.Bg5 h6 6.Bh4 Bb7 7.e3 g5 8.Bg3 Ne4
9.Qc2 Bxc3+ 10.bxc3 Nxg3 11.hxg3 Nc6 12.Rb1 d6 13.d5 exd5 14.cxd5 Ne5 15.Nxe5 dxe5
16.c4 Qd6 17.e4 c5 18.Be2 Bc8 19.a4 Bd7 20.a5 Ke7 21.Qc3 Rab8 22.axb6 axb6
23.f4 f6 24.f5 Ra8 25.Ra1 Rxa1+ 26.Qxa1 b5 27.cxb5 c4 28.O-O Rc8 29.Kh2 c3
30.Rc1 Qb4 31.b6 Rb8 32.Rxc3 Rxb6 33.Bd3 h5 34.Rc7 Rd6 35.Qc1 Qb6 36.Be2 h4
37.gxh4 Qf2 38.Bb5 Qxh4+ 39.Kg1 Qxe4 40.Rxd7+ Rxd7 41.Qc5+ Kf7 42.Bxd7 Qe1+  1/2-1/2

[Event "2nd Open"]
[Site "Porto Carras GRE"]
[Date "2005.04.26"]
[Round "7"]
[White "Mastrovasilis,A"]
[Black "Bykhovsky,Av"]
[Result "1/2-1/2"]
[WhiteElo "2473"]
[BlackElo "2426"]

1.c4 e6 2.Nf3 Nf6 3.d4 Bb4+ 4.Nc3 b6 5.Bg5 h6 6.Bh4 Bb7 7.Nd2 Bxc3 8.bxc3 d6
9.f3 Nbd7 10.e4 Qe7 11.Bd3 g5 12.Bf2 Nh5 13.g3 Ng7 14.Qe2 c5 15.h4 O-O-O
16.O-O-O f6 17.Rh2 Rhg8 18.hxg5 hxg5 19.Rdh1 Ne8 20.g4 Nf8 21.Bg3 e5 22.d5 Nc7
23.Nf1 Kb8 24.Ne3 Bc8 25.Bc2 Bd7 26.Qd1 Ne8 27.Nf5 Bxf5 28.exf5 Rg7 29.Ba4 a6
30.Bc6 Ka7 31.Qa4 Nc7 32.Rh6 Rh7 33.Rxh7 Nxh7 34.Qc2 Rg8 35.Rh6 Rg7 36.Qb3 Nf8
37.Rh2 Qd8 38.Rb2 Qb8 39.Rh2 Qd8 40.Rb2 Qb8 41.Rh2 Qd8 42.a4 a5 43.Kd1 Rh7
44.Rxh7 Nxh7 45.Qc2 Qe7 46.Qh2 Na6 47.Qh6 Nb8 48.Bb5 Kb7 49.Qg6 Kc7 50.Qg8 Nf8
51.Qh8 Nbd7 52.Qh2 Qh7 53.Qg2 Nb8 54.Ke2 Nfd7 55.Kf2 Qh8 56.Qf1 Kb7 57.Kg2 Kc7
58.Qb1 Kb7 59.Bf2 Kc7 60.Be3 Kb7 61.Qc1 Qh6 62.Qd2 Kc7 63.Qc2 Qh8 64.Qb1 Kb7  1/2-1/2

[Event "Open A"]
[Site "Djakovo CRO"]
[Date "2005.05.04"]
[Round "5"]
[White "Brumen,D"]
[Black "Kutuzovic,B"]
[Result "1-0"]
[WhiteElo "2385"]
[BlackElo "2364"]

1.d4 Nf6 2.c4 e6 3.Nc3 Bb4 4.Nf3 c5 5.g3 cxd4 6.Nxd4 O-O 7.Bg2 d5 8.cxd5 Nxd5
9.Qb3 Na6 10.O-O Nc5 11.Qc2 Bxc3 12.bxc3 Bd7 13.e4 Nb6 14.Ba3 Qc7 15.Nb3 Nba4
16.Rfd1 Rfd8 17.Rd4 Bb5 18.Nxc5 Nxc5 19.Qd2 Re8 20.Qg5 Rac8 21.Rb1 f6 22.Qh5 Ba6
23.Rbd1 Bb5 24.Bh3 Qf7 25.Qf3 Na4 26.c4 Rxc4 27.Qb3 Rxd4 28.Rxd4 a6 29.Rxa4 Bxa4
30.Qxa4 Rc8 31.Qd4 h6 32.Bg4 Rc6 33.h4 Kh7 34.Kg2 h5 35.Bf3 e5 36.Qd5 Qe8
37.Bd1 b5 38.Bxh5  1-0

[Event "ch-FRA Top 16 Poule Basse"]
[Site "Port Barcares FRA"]
[Date "2005.05.06"]
[Round "10"]
[White "Efimov,I"]
[Black "Bischoff,K"]
[Result "1/2-1/2"]
[WhiteElo "2458"]
[BlackElo "2547"]

1.d4 Nf6 2.c4 e6 3.Nc3 Bb4 4.Nf3 b6 5.Bg5 h6 6.Bh4 Bb7 7.Nd2 Be7 8.e3 c5
9.Be2 cxd4 10.exd4 Nc6 11.Nf3 O-O 12.O-O Rc8 13.Rc1 d5 14.Bxf6 Bxf6 15.cxd5 exd5
16.Qd2 a6 17.Qf4 g5  1/2-1/2

[Event "ch-EST"]
[Site "Tallinn EST"]
[Date "2005.05.13"]
[Round "5"]
[White "Sepp,O"]
[Black "Seeman,T"]
[Result "1-0"]
[WhiteElo "2461"]
[BlackElo "2401"]

1.d4 Nf6 2.Nf3 e6 3.c4 Bb4+ 4.Nc3 b6 5.Qb3 c5 6.a3 Ba5 7.Bg5 Nc6 8.Rd1 cxd4
9.Nxd4 Nxd4 10.Rxd4 Bxc3+ 11.Qxc3 Ne4 12.Bxd8 Nxc3 13.Bc7 Na4 14.b3 Nc5 15.b4 Na4
16.e4 Ba6 17.Bd6 Rc8 18.Kd2 f6 19.f4 Nb2 20.c5 Bxf1 21.Rxf1 Na4 22.Rc1 a6
23.cxb6 Nxb6 24.Rxc8+ Nxc8 25.a4 Kd8 26.Kc3 Na7 27.Rc4 Nc8 28.Bc7+ Ke7 29.b5 axb5
30.axb5 Nd6 31.Bxd6+ Kxd6 32.Kb4 g5 33.fxg5 fxg5 34.b6 Ke5 35.Rc7 Kxe4 36.b7 Rb8
37.Rxd7 h5 38.Kc5 Ke3 39.Kc6 e5 40.Rg7 g4 41.Rg5 e4 42.Rxh5 Kf2 43.Rg5 e3
44.Rxg4 Re8 45.Rb4 e2 46.Rb2 Re6+ 47.Kd7 Rb6 48.Rxe2+ Kxe2 49.Kc7  1-0